000 02192cam a2200181 4500500
005 20260329022917.0
041 _afre
042 _adc
100 1 0 _aMichaud, Claude
_eauthor
245 0 0 _aBeaurepaire, Pierre-Yves, 1715-1789. La France des Lumières, Paris, Gallimard, « Folio Histoire », 2022
260 _c2023.
500 _a96
520 _aLancé en 2018, Digital d’Holbach est un projet international visant à réaliser une édition critique née-numérique des œuvres du baron d’Holbach. Cet article fait le point sur les principaux accomplissements de notre équipe (la publication, notamment, de la base de données Tout d’Holbach) tout en réfléchissant aux défis posés par le corpus holbachique ainsi qu’à l’apport possible de notre édition à l’étude de la pensée du baron et des Lumières radicales plus en général.
520 _aLaunched in 2018 Digital d’Holbach is an international project aimed at producing a digital critical edition of the works of baron d’Holbach. This article takes stock of the principal achievements of our team (the publication notably of a database, Tout d’Holbach, a database that brings together accurate transcriptions of the vast majority of d’Holbach’s writings) while reflecting on the challenges posed by d’Holbach’s textual corpus and the contribution of our edition towards the study of the baron’s thought and more widely to the radical Enlightenment.
520 _aIniciada en 2018, Digital d’Holbach es un proyecto que procura realizar una edición crítica numérica de las obras del barón d’Holbach. Este artículo propone una síntesis sobre las principales realizaciones de nuestro equipo (la publicación, entre otras cosas, de la base de datos, Tout d’Holbach) y reflexiona asimismo sobre los retos que supone el corpus de textos de Holbach y la aportación posible de nuestra edición para el estudio del pensamiento del barón y de las Luces radicales de manera más global.
786 0 _nDix-huitième siècle | 55 | 1 | 2023-05-09 | p. 622-623 | 0070-6760
856 4 1 _uhttps://shs.cairn.info/revue-dix-huitieme-siecle-2023-1-page-622?lang=fr&redirect-ssocas=7080
999 _c1923468
_d1923468